শিক্ষণ ও শিক্ষা-প্রসঙ্গ / (Record no. 2496)
[ view plain ]
| 000 -LEADER | |
|---|---|
| fixed length control field | 00784nam a22002177a 4500 |
| 003 - CONTROL NUMBER IDENTIFIER | |
| control field | BD-DhJNU |
| 005 - DATE AND TIME OF LATEST TRANSACTION | |
| control field | 20260122042258.0 |
| 008 - FIXED-LENGTH DATA ELEMENTS--GENERAL INFORMATION | |
| fixed length control field | 260111b |||||||| |||| 00| 0 eng d |
| 040 ## - CATALOGING SOURCE | |
| Original cataloging agency | BD-DhJNU |
| Language of cataloging | ENG |
| Transcribing agency | BD-DhJNU |
| Modifying agency | BD-DhJNU |
| 082 ## - DEWEY DECIMAL CLASSIFICATION NUMBER | |
| Edition number | 23 |
| Classification number | 370.1 SUS |
| 100 ## - MAIN ENTRY--PERSONAL NAME | |
| Personal name | রায়, সুশীল |
| 242 ## - TRANSLATION OF TITLE BY CATALOGING AGENCY | |
| Title | Teaching and Learning Contexts / |
| Remainder of title | Sushil Roy |
| 245 ## - TITLE STATEMENT | |
| Title | শিক্ষণ ও শিক্ষা-প্রসঙ্গ / |
| Statement of responsibility, etc. | সুশীল রায় |
| 246 ## - VARYING FORM OF TITLE | |
| Title proper/short title | Shikhn o shikha prosongo |
| 250 ## - EDITION STATEMENT | |
| Edition statement | 8th ed. |
| 260 ## - PUBLICATION, DISTRIBUTION, ETC. | |
| Place of publication, distribution, etc. | কলকাতা : |
| Name of publisher, distributor, etc. | সোমা বুক এজেন্সী, |
| Date of publication, distribution, etc. | 2012. |
| 300 ## - PHYSICAL DESCRIPTION | |
| Extent | ৬৯০ পৃ. : |
| Other physical details | চিত্র ; |
| Dimensions | ২১ সেমি.। |
| 650 ## - SUBJECT ADDED ENTRY--TOPICAL TERM | |
| Topical term or geographic name entry element | শিক্ষা |
| 650 ## - SUBJECT ADDED ENTRY--TOPICAL TERM | |
| Topical term or geographic name entry element | Education |
| 942 ## - ADDED ENTRY ELEMENTS (KOHA) | |
| Source of classification or shelving scheme | Dewey Decimal Classification |
| Koha item type | Books |
| Suppress in OPAC | No |
| Withdrawn status | Lost status | Source of classification or shelving scheme | Damaged status | Not for loan | Collection | Home library | Current library | Shelving location | Date acquired | Source of acquisition | Total checkouts | Full call number | Barcode | Date last seen | Copy number | Price effective from | Koha item type |
|---|---|---|---|---|---|---|---|---|---|---|---|---|---|---|---|---|---|
| Dewey Decimal Classification | Non-fiction | Jagannath University Central Library | Jagannath University Central Library | General stacks | 01/11/2026 | Purchased | 370.1 SUS | JNUCL35780 | 01/11/2026 | 1 | 01/11/2026 | Books | |||||
| Dewey Decimal Classification | Non-fiction | Jagannath University Central Library | Jagannath University Central Library | General stacks | 01/11/2026 | Purchased | 370.1 SUS | JNUCL35513 | 01/11/2026 | 2 | 01/11/2026 | Books | |||||
| Dewey Decimal Classification | Non-fiction | Jagannath University Central Library | Jagannath University Central Library | General stacks | 01/11/2026 | Purchased | 370.1 SUS | JNUCL35512 | 01/11/2026 | 3 | 01/11/2026 | Books | |||||
| Dewey Decimal Classification | Non-fiction | Jagannath University Central Library | Jagannath University Central Library | General stacks | 01/11/2026 | Purchased | 370.1 SUS | JNUCL35515 | 01/11/2026 | 4 | 01/11/2026 | Books | |||||
| Dewey Decimal Classification | Non-fiction | Jagannath University Central Library | Jagannath University Central Library | General stacks | 01/11/2026 | Purchased | 370.1 SUS | JNUCL35514 | 01/11/2026 | 5 | 01/11/2026 | Books |